| 000 | 00831cam a2200241 a 4500 | ||
|---|---|---|---|
| 001 | 000003386 | ||
| 005 | 20200929150428.0 | ||
| 008 | 990413s1999 ck 000 1 spa | ||
| 020 | _a0789907259 | ||
| 040 |
_aDO-SdBNP _cDLC _dDLC |
||
| 041 | 1 | 7 |
_aspa _heng _2Código de idioma MARC |
| 082 |
_a813.54 _bL183a |
||
| 100 | 1 |
_aLaHaye, Tim F. _910555 |
|
| 245 | 1 | 0 |
_aAsesinos : _bmisión Jerusalén, blanco; el anticristo / _cTim LaHaye, Jerry B. Jenkins ; traducido al español por Nellyda Pablovsky. |
| 260 |
_aMiami, Fl. : _bUnilit, _c1999. |
||
| 300 |
_a382 p. ; _c24 cm. |
||
| 500 | _aTítulo original: Assassins | ||
| 650 | 4 |
_aNovela estadounidense _9262 |
|
| 650 | 4 |
_aLiteratura estadounidense _9263 |
|
| 700 | 1 |
_aJenkins, Jerry B. _910556 |
|
| 700 | 1 |
_aNellyda Pablovsky ; _etr. _910558 |
|
| 910 | _aCatalogación por copia / LC | ||
| 999 |
_c3216 _d3216 |
||